000 00869nam a2200265 i 4500
001 19443
003 ES-MaACL
005 20250522184211.0
007 t|
008 020828s2001 sp ||||1| spa d
020 _a84-493-1128-4
080 _a929 Verdi, Giuseppe
080 _a78 Verdi, Giuseppe
100 1 _aPhillips-Matz, Mary Jane.
_991707
245 1 0 _aVerdi
_b: una biografía /
_cMary Jane Phillips-Matz ; con un prólogo de Andrew Porter.
260 _aBarcelona :
_bPaidós Ibérica,
_c[2001]
300 _a939 p., [16] p. de lám. :
_bil. ;
_c24 cm.
490 1 _aTestimonios ;
_v23
504 _aBibliografía: p. [897]-916.
600 0 4 _aVerdi, Giuseppe,
_d1813-1901-
_xBiografías
_9114031
700 1 _aPorter, Andrew.
_993225
830 0 _aTestimonios ;
_v23
_9179776
852 _aES-MaACL
_jL-25877
_bR.130796
999 _c19443
_d19443